Clue Sprint #1: Sodas - Statistics

General Stats
  • This quiz has been taken 21 times
  • The average score is 5 of 10
Answer Stats
Hint Answer % Correct
Dark, fizzy, red-and-white label Coca-Cola
100%
Dark, fizzy, dark-red-and-white label Dr. Pepper
100%
Orange, tangy, fruity Fanta
95%
Citrusy, fruity, collabed with Taco Bell Mountain Dew
65%
Dark, coke, blue-red-white label Pepsi
65%
Citrusy, clear, green-and-white label Sprite
65%
Orange, tangy, also sells real oranges Sunkist
30%
Lemony, refreshing, rebrand of Sierra Mist Starry
20%
Gingery, spiced, green-and-yellow label Seagrams
5%
Cola, Indian, red-and-blue label Thums Up
0%
No matching quizzes found
Score Distribution
Percent of People with Each Score
Percentile by Number Answered
Your Score History
You have not taken this quiz